| 000 | 01329nam2a2200325 4500 | ||
|---|---|---|---|
| 001 | RU\NLR\bibl\354659 | ||
| 005 | 20250621154809.0 | ||
| 010 | _a5-275-00679-9 | ||
| 021 |
_aRU _b2002-53275 _92587 |
||
| 035 | _a(NLR Aleph) 000349323 | ||
| 090 |
_a265919 _c265919 |
||
| 100 | _a20021226d2002 |||y0rusy50 ca | ||
| 101 | 1 |
_arus _ceng |
|
| 102 | _aRU | ||
| 105 | _ay ||||||||| | ||
| 200 | 1 |
_aПриключения Гекльберри Финна _eРоман _f[Пер. с англ. В. Ранцова] _aРассказы |
|
| 210 |
_d2002 _aБ. м. |
||
| 215 | _a381, [2] с. | ||
| 327 | 1 | _aСодерж.: Рассказы: Беглые наброски праздного путешественника; Странный сон; Модные убийцы | |
| 461 | 0 |
_1001RU\NLR\bibl\359285 _12001#$aСобрание сочинений$vТ. 11 _9293237 _aТвен, М. (1835-1910) _cМ. _d2002 _fМарк Твен _nТерра-кн. клуб _oВ 18 т. _tСобрание сочинений _y5-275-00668-3 _vТ. 11 |
|
| 675 |
_a821.111(73)Твен2 _v3 _zrus |
||
| 675 |
_a821.111(73)Твен _v3 _zrus |
||
| 686 |
_a17.82 _2rugasnti |
||
| 686 |
_a84(7Сое)-44 _2rubbk |
||
| 801 | 0 |
_aRU _bRKP _c20021226 _gPSBO |
|
| 801 | 1 |
_aRU _bRKP _c20021226 |
|
| 801 | 2 |
_aRU _bNLR _c20030204 _grcr |
|
| 942 | _cBOOK | ||
| 980 | _aNB | ||